| 000 | 03366nam a2200277 4500 | ||
|---|---|---|---|
| 001 | 18313 | ||
| 003 | DO-SdUEMH | ||
| 005 | 20260112152758.0 | ||
| 007 | ta | ||
| 008 | 260112b2016 dr a|||gr|||| 00| 0 spa d | ||
| 020 | _a9789945582345 | ||
| 040 |
_aDO-SdUEMH _bspa _erda |
||
| 041 | _aspa | ||
| 082 | 1 | 4 |
_mRD _bV145c |
| 100 | _eaut | ||
| 245 | 3 | 0 |
_aLa cultura en el Banco Central : discursos 2014-2016 / _cHéctor Valdez Albizu ; edición: José Alcántara Almánzar, Elvis Francis Soto ; ilustración de la cubierta de Ramón Oviedo |
| 264 | 0 | 1 |
_aSanto Domingo, República Dominicana : _bBanco Central de la República Dominicana, _c2016 |
| 300 |
_a154 páginas : _bilustraciones ; _c23 cm. |
||
| 336 |
_2rdacontent _atexto _btxt |
||
| 337 |
_2rdamedia _asin mediación _bn |
||
| 338 |
_2rdacarrier _avolumen _bnc |
||
| 490 |
_aColección del Banco Central de la República Dominicana ; _v223 |
||
| 490 |
_aSerie Arte y Literatura ; _v77 |
||
| 505 | _aPresentación -- Puesta en circulación de las obras: La cultura en el Banco Central. Discursos, de Héctor Valdez Albizu; Juan Pablo Duarte y la Venezuela del siglo XIX. Historia y leyenda, de Cecilia Ayala Lafée; Wener Wilbert y Ariany Calles. Estudios literarios dominicanos, de Manuel A. Ossers; y Era lunes ayer, de Máximo Vega, en la sala de lectura de la Biblioteca Juan Pablo Duarte -- Participación en la Feria Internacional del Libro Santo Domingo -- Apertura de la exposición El escudo nacional en la numismática y la filatelia dominicanas, en el Museo Numismático y Filatélico -- Puesta en circulación de la sexta familia de billetes -- Puesta en circulación de la obra Análisis de la coyuntura internacional, editada por Frank Fuentes, Víctor García y Amarilis Altagracia Aquino -- Puesta en circulación de las obras: Exposiciones temporales en el Museo Numismático y Filatélico; La mirada imantada, de Alexis Gómez Rosa; y Ensayos al vapor, de Miguel Aníbal Perdomo -- Entrega de premios del Concurso Anual de Economía Biblioteca Juan Pablo Duarte y puesta en circulación del libro Nueva literatura dominicana -- Entrega de premios del Concurso de Arte y Literatura Bancentral y puesta en circulación del libro Obras premiadas -- Ofrenda floral en el Altar de la Patria -- Exposición Los padres de la patria y los monumentos nacionales -- Puesta en circulación de las obras: El aspirar del aire, de Bruno Rosario Candelier; Anacaona. La construcción de la cacica taína de Quisqueya, de Catharina de Vallejo; y Voces de Aída, editado por Marianne de Tolentino -- Participación en la Feria Internacional del Libro Santo Domingo -- Exposición Huellas de la Restauración -- Puesta en circulación de las obras: Caminos sobre la mar, de Juan Carlos Mieses; Rafael Solano: música y pensamiento, de Rafael Solano; y Ensayos sobre historia social, política y cultural de la República Dominicana y de México, de Fernando Pérez Memén -- Entrega de premios del Concurso Anual de Economía Biblioteca Juan Pablo Duarte y puesta en circulación de obras de literatura económica dominicana -- Entrega de premios del Concurso de Arte y Literatura Bancentral y puesta en circulación de obras premiadas -- Ofrenda floral en el Altar de la Patria -- Exposición La filatelia en el Banco Central -- Colección del Banco Central de la República Dominicana. | ||
| 942 |
_2ddc _n0 _cBK |
||
| 999 |
_c18313 _d18313 |
||